000
00264nam a2200097Ia 4500
001
922163
005
20250826191439.0
008
250824s9999 xx 000 0 und d
245
0
_a
OSMANLIDAN CUMHURİYETE İKTİDAR OYUNU
_c
AVNİ ÖZGÜREL
260
_b
KETEBE YAYINLARI
999
_c
922163
_d
922163